[Event "Utrecht OKU op 48th"]
[Site "Utrecht"]
[Date "2023.05.20"]
[Round "3"]
[White "De Winter, Arthur"]
[Black "Lammens, Tim"]
[Result "1-0"]
[WhiteElo "2380"]
[BlackElo "2248"]
[PlyCount "67"]
[EventDate "2023.05.19"]
[EventType "swiss"]
[EventRounds "6"]
[EventCountry "NED"]
[SourceTitle "CBM 214 Extra"]
[Source "ChessBase"]
[SourceDate "2023.07.31"]
[SourceVersion "1"]
[SourceVersionDate "2023.07.31"]
[SourceQuality "1"]

1. e4 c6 2. d4 d5 3. e5 Bf5 4. h4 h5 5. Bd3 Bxd3 6. Qxd3 e6 7. Bg5 Qa5+ 8. Nd2 c5 9. dxc5 Bxc5 10. Ngf3 Nc6 11. 0-0 Be7 12. a3 Bxg5 13. hxg5 Nge7 14. c4 Rd8 15. b4 Qc7 16. Rfe1 Nf5 17. cxd5 Rxd5 18. Qc4 Qd8 19. Ne4 0-0 20. Nc3 Ncd4 21. Nxd5 Nxf3+ 22. gxf3 Qxg5+ 23. Kf1 exd5 24. Qc1 Qh4 25. Kg2 Qd4 26. Qg5 g6 27. Rad1 Qc3 28. e6 Kg7 29. Rc1 Qd4 30. Rh1 fxe6 31. Rxh5 Rf7 32. Rch1 Qf6 33. Rh7+ Kg8 34. Rh8+ 1-0

[Event "NED-chT 2223"]
[Site "Netherlands"]
[Date "2023.04.01"]
[Round "8.10"]
[White "Gallasch, Jonas"]
[Black "Lammens, Tim"]
[Result "1/2-1/2"]
[WhiteElo "2275"]
[BlackElo "2235"]
[PlyCount "81"]
[EventDate "2022.09.17"]
[EventType "team-tourn"]
[EventRounds "9"]
[EventCountry "NED"]
[SourceTitle "EXT 2024"]
[Source "ChessBase"]
[SourceDate "2023.10.10"]
[SourceVersion "1"]
[SourceVersionDate "2023.10.10"]
[SourceQuality "1"]
[WhiteTeam "Zuid Limburg"]
[BlackTeam "Apeldoorn Amevo"]
[WhiteTeamCountry "NED"]
[BlackTeamCountry "NED"]

1. Nf3 d5 2. c4 e6 3. d4 Nf6 4. Nc3 Nbd7 5. cxd5 exd5 6. Bg5 h6 7. Bh4 Be7 8. e3 c6 9. Qc2 0-0 10. Bd3 Re8 11. Bg3 Nh5 12. 0-0-0 Nxg3 13. hxg3 Nf6 14. Nh4 Bb4 15. Kb1 Qe7 16. Nf5 Bxf5 17. Bxf5 Bxc3 18. Qxc3 Ne4 19. Qc2 a5 20. Rh4 a4 21. Bxe4 dxe4 22. Rh5 a3 23. b3 Qe6 24. Rdh1 b6 25. Rc1 Qg6 26. Rhh1 Rac8 27. Qe2 Qf6 28. Rc2 c5 29. Rhc1 Red8 30. Qg4 Rb8 31. dxc5 bxc5 32. Qxe4 Rb4 33. Qf3 Qe5 34. Qe2 c4 35. Rxc4 Rxc4 36. Rxc4 Rd1+ 37. Kc2 Ra1 38. Kd3 Qd5+ 39. Kc3 Rc1+ 40. Kb4 Qd6+ 41. Kb5 1/2-1/2

[Event "EU-Cup 37th"]
[Site "Mayrhofen"]
[Date "2022.10.03"]
[Round "1.2"]
[White "Navara, David"]
[Black "Lammens, Tim"]
[Result "1-0"]
[WhiteElo "2676"]
[BlackElo "2223"]
[PlyCount "69"]
[EventDate "2022.10.03"]
[EventType "team-swiss"]
[EventRounds "7"]
[EventCountry "AUT"]
[SourceTitle "CBM 210 Extra"]
[Source "ChessBase"]
[SourceDate "2022.11.30"]
[SourceVersion "1"]
[SourceVersionDate "2022.11.30"]
[SourceQuality "1"]
[WhiteTeam "Novy Bor"]
[BlackTeam "Apeldoorn Amevo"]
[WhiteTeamCountry "CZE"]
[BlackTeamCountry "NED"]

1. e4 c5 2. Nf3 Nc6 3. Bb5 e6 4. 0-0 Nge7 5. Re1 a6 6. Bf1 d5 7. d3 d4 8. e5 Ng6 9. g3 Qc7 10. Bg2 Ngxe5 11. Nxe5 Nxe5 12. Bf4 Bd6 13. Qh5 Ng6 14. Bxd6 Qxd6 15. Nd2 0-0 16. Ne4 Qc7 17. Qxc5 Qxc5 18. Nxc5 Rb8 19. a4 b6 20. Nb3 Rd8 21. f4 Ne7 22. a5 Bb7 23. Bxb7 Rxb7 24. axb6 Rxb6 25. Re5 g6 26. Rc5 Nf5 27. Ra2 Rdb8 28. Kf2 h5 29. Kf3 Kg7 30. Rc7 Kf6 31. Nc5 Rxb2 32. Rxa6 Re8 33. Raa7 Nd6 34. Ne4+ Nxe4 35. Rxf7# 1-0

[Event "Ghent op 43rd"]
[Site "Ghent"]
[Date "2022.07.22"]
[Round "5"]
[White "Lammens, Tim"]
[Black "Omelja, Artem"]
[Result "0-1"]
[WhiteElo "2255"]
[BlackElo "2478"]
[PlyCount "96"]
[EventDate "2022.07.20"]
[EventType "swiss"]
[EventRounds "9"]
[EventCountry "BEL"]
[SourceTitle "CBM 209 Extra"]
[Source "ChessBase"]
[SourceDate "2022.09.30"]
[SourceVersion "1"]
[SourceVersionDate "2022.09.30"]
[SourceQuality "1"]

1. Nf3 d5 2. g3 Nf6 3. Bg2 e6 4. d4 b5 5. 0-0 Be7 6. a4 b4 7. c4 bxc3 8. Nxc3 0-0 9. a5 Nc6 10. Bf4 Ba6 11. Qa4 Nb4 12. Rfc1 c6 13. Ne5 Qc8 14. Qd1 Qb7 15. Na4 Bb5 16. Qb3 Na6 17. Nc3 Rfc8 18. Bf1 Nb4 19. Nxb5 cxb5 20. Bd2 Nc6 21. Nxc6 Rxc6 22. Rxc6 Qxc6 23. Rc1 Qb7 24. Qc2 a6 25. e3 Kf8 26. Bd3 g6 27. f3 Ke8 28. Qc7 Qxc7 29. Rxc7 Bd6 30. Rc2 Kd7 31. Kf2 Rc8 32. Rxc8 Kxc8 33. Ke2 Nd7 34. e4 Nb8 35. Bb1 Kd7 36. Ba2 dxe4 37. fxe4 Nc6 38. d5 Nd4+ 39. Ke3 Bc5 40. Kf4 e5+ 41. Kxe5 Nf3+ 42. Kf6 Nxd2 43. e5 Bd4 44. d6 Nc4 45. Kxf7 Bxe5 46. Kg8 h5 47. Kf7 g5 48. Kg6 h4 0-1

[Event "Ghent op 43rd"]
[Site "Ghent"]
[Date "2022.07.21"]
[Round "3"]
[White "Lammens, Tim"]
[Black "Van den Bosch, Arno"]
[Result "1-0"]
[WhiteElo "2255"]
[BlackElo "2028"]
[PlyCount "57"]
[EventDate "2022.07.20"]
[EventType "swiss"]
[EventRounds "9"]
[EventCountry "BEL"]
[SourceTitle "CBM 209 Extra"]
[Source "ChessBase"]
[SourceDate "2022.09.30"]
[SourceVersion "1"]
[SourceVersionDate "2022.09.30"]
[SourceQuality "1"]

1. Nf3 Nf6 2. g3 d5 3. Bg2 e6 4. 0-0 Be7 5. c4 dxc4 6. Qa4+ Nbd7 7. Qxc4 c5 8. d3 0-0 9. Nc3 a6 10. Qb3 Ra7 11. a4 b6 12. Nd2 Bb7 13. Nc4 Bxg2 14. Kxg2 Nd5 15. Rd1 Qa8 16. e4 Nb4 17. Be3 Rb8 18. d4 b5 19. axb5 axb5 20. Rxa7 Qxa7 21. Na3 Qa5 22. dxc5 Nxc5 23. Bxc5 Bxc5 24. Rd7 h6 25. Ncxb5 Rxb5 26. Qf3 f5 27. Qh5 Bd4 28. Nxb5 Qxb5 29. Qe8+ 1-0

[Event "NED-chT 2122"]
[Site "Netherlands"]
[Date "2021.09.18"]
[Round "1.9"]
[White "Lammens, Tim"]
[Black "Vedder, Richard"]
[Result "1/2-1/2"]
[WhiteElo "2241"]
[BlackElo "2245"]
[PlyCount "49"]
[EventDate "2021.09.18"]
[EventType "team-tourn"]
[EventRounds "9"]
[EventCountry "NED"]
[SourceTitle "EXT 2023"]
[Source "ChessBase"]
[SourceDate "2022.10.05"]
[SourceVersion "1"]
[SourceVersionDate "2022.10.05"]
[SourceQuality "1"]
[WhiteTeam "Apeldoorn Amevo"]
[BlackTeam "En Passant"]
[WhiteTeamCountry "NED"]
[BlackTeamCountry "NED"]

1. Nf3 d5 2. g3 Bf5 3. Bg2 Nf6 4. 0-0 e6 5. c4 c6 6. Qb3 Qb6 7. d3 Nbd7 8. cxd5 exd5 9. Qc2 Be7 10. Nc3 h6 11. e4 dxe4 12. dxe4 Bh7 13. Be3 Qa6 14. Rfd1 0-0 15. Qb3 Nb6 16. Ne5 Qa5 17. Nc4 Nxc4 18. Qxc4 Qb4 19. Qe2 Rfd8 20. f3 Bc5 21. Bxc5 Qxc5+ 22. Qf2 Qxf2+ 23. Kxf2 Kf8 24. b4 Ke7 25. Ke3 1/2-1/2

[Event "Titled Tuesday intern op 09th Mar"]
[Site "Chess.com INT"]
[Date "2021.03.09"]
[Round "5"]
[White "Lammens, Tim"]
[Black "Kalajzic, Ivan"]
[Result "1-0"]
[WhiteElo "2250"]
[BlackElo "2112"]
[PlyCount "73"]
[EventDate "2021.03.09"]
[EventType "swiss (blitz)"]
[EventRounds "11"]
[EventCountry "USA"]
[SourceTitle "CBM 201 Extra"]
[Source "ChessBase"]
[SourceDate "2021.05.31"]
[SourceVersion "1"]
[SourceVersionDate "2021.05.31"]
[SourceQuality "1"]

1. e4 c6 2. d4 d5 3. e5 c5 4. Nf3 Nc6 5. dxc5 Bg4 6. c3 Bxf3 7. Qxf3 Nxe5 8. Bb5+ Nc6 9. Bf4 Nf6 10. 0-0 e6 11. b4 Be7 12. Re1 0-0 13. Nd2 a5 14. a3 Rc8 15. Nb3 axb4 16. axb4 Ne4 17. Bxc6 bxc6 18. Ra6 Bf6 19. Bd2 e5 20. Qd3 Nxd2 21. Qxd2 e4 22. Nd4 Qd7 23. Rea1 Bxd4 24. Qxd4 Rfe8 25. b5 cxb5 26. Rd6 Ra8 27. Rxa8 Rxa8 28. h3 Qf5 29. Rxd5 Qc8 30. Rd7 h6 31. Qd5 Qe8 32. c6 Rc8 33. c7 Kh7 34. Qf5+ g6 35. Rxf7+ Kh8 36. Qf6+ Kg8 37. Qg7# 1-0

[Event "Titled Tuesday intern op 09th Mar"]
[Site "Chess.com INT"]
[Date "2021.03.09"]
[Round "2"]
[White "Lammens, Tim"]
[Black "Moreira, Ronaldo Alonso"]
[Result "1-0"]
[WhiteElo "2250"]
[BlackElo "2088"]
[PlyCount "57"]
[EventDate "2021.03.09"]
[EventType "swiss (blitz)"]
[EventRounds "11"]
[EventCountry "USA"]
[SourceTitle "CBM 201 Extra"]
[Source "ChessBase"]
[SourceDate "2021.05.31"]
[SourceVersion "1"]
[SourceVersionDate "2021.05.31"]
[SourceQuality "1"]

1. e4 e6 2. d4 d5 3. Nc3 Nf6 4. e5 Nfd7 5. f4 c5 6. Nf3 Nc6 7. Be3 a6 8. Be2 b5 9. a3 Qb6 10. dxc5 Bxc5 11. Bxc5 Nxc5 12. Qd2 b4 13. axb4 Qxb4 14. 0-0 0-0 15. b3 d4 16. Na4 Qxd2 17. Nxd2 Nd7 18. Bf3 Bb7 19. Nc4 Rab8 20. Rfd1 Nb4 21. Bxb7 Rxb7 22. Rac1 Na2 23. Rb1 Nb4 24. Rd2 Rc8 25. Rbd1 h6 26. Nd6 Rbc7 27. Nxc8 Rxc8 28. Rxd4 Nxc2 29. Rxd7 1-0

[Event "Titled Tuesday intern op 09th Mar"]
[Site "Chess.com INT"]
[Date "2021.03.09"]
[Round "7"]
[White "Lammens, Tim"]
[Black "Trichkov, Vasil"]
[Result "0-1"]
[WhiteElo "2250"]
[BlackElo "2302"]
[PlyCount "62"]
[EventDate "2021.03.09"]
[EventType "swiss (blitz)"]
[EventRounds "11"]
[EventCountry "USA"]
[SourceTitle "CBM 201 Extra"]
[Source "ChessBase"]
[SourceDate "2021.05.31"]
[SourceVersion "1"]
[SourceVersionDate "2021.05.31"]
[SourceQuality "1"]

1. e4 c5 2. Nf3 d6 3. d4 Nf6 4. Nc3 cxd4 5. Nxd4 a6 6. Be3 e5 7. Nb3 Be6 8. f3 Nbd7 9. Qd2 b5 10. a4 b4 11. Nd5 Bxd5 12. exd5 Nb6 13. Qxb4 Nbxd5 14. Qd2 Nxe3 15. Qxe3 Be7 16. Bd3 0-0 17. 0-0 Re8 18. a5 d5 19. Rfe1 e4 20. Bf1 Qc7 21. Nd4 Bc5 22. c3 Qa7 23. Red1 exf3 24. Qxf3 Re4 25. Ra4 Qd7 26. Raa1 Rae8 27. b4 Ba7 28. Kh1 Re3 29. Qf4 Rxc3 30. Nf5 Ne4 31. Qg4 Nf2+ 0-1

[Event "Titled Tuesday intern op 09th Mar"]
[Site "Chess.com INT"]
[Date "2021.03.09"]
[Round "4"]
[White "Tanenbaum, Zachary Chen"]
[Black "Lammens, Tim"]
[Result "1-0"]
[WhiteElo "2137"]
[BlackElo "2250"]
[PlyCount "69"]
[EventDate "2021.03.09"]
[EventType "swiss (blitz)"]
[EventRounds "11"]
[EventCountry "USA"]
[SourceTitle "CBM 201 Extra"]
[Source "ChessBase"]
[SourceDate "2021.05.31"]
[SourceVersion "1"]
[SourceVersionDate "2021.05.31"]
[SourceQuality "1"]

1. e4 c5 2. Nf3 e6 3. d4 cxd4 4. Nxd4 Nf6 5. Nc3 Nc6 6. Ndb5 d6 7. Bf4 e5 8. Bg5 a6 9. Na3 b5 10. Nd5 Be7 11. Bxf6 Bxf6 12. c4 b4 13. Nc2 0-0 14. Be2 Rb8 15. 0-0 g6 16. b3 Bg7 17. Re1 a5 18. Qd2 f5 19. Bf3 Ne7 20. Rad1 Bb7 21. Nxe7+ Qxe7 22. Qxd6 Qh4 23. g3 Qg5 24. h4 Qh6 25. Bg2 f4 26. Qe6+ Kh8 27. Qe7 Bf6 28. Qc7 fxg3 29. fxg3 Bd8 30. Qxe5+ Bf6 31. Qxa5 Rbe8 32. Qxb4 Bc8 33. e5 Bxe5 34. Qb5 Qg7 35. Bc6 1-0

[Event "Titled Tuesday intern op 23rd Feb"]
[Site "Chess.com INT"]
[Date "2021.02.23"]
[Round "4"]
[White "Eynullayev, Altay Elshan"]
[Black "Lammens, Tim"]
[Result "0-1"]
[WhiteElo "2227"]
[BlackElo "2250"]
[PlyCount "78"]
[EventDate "2021.02.23"]
[EventType "swiss (blitz)"]
[EventRounds "11"]
[EventCountry "USA"]
[SourceTitle "CBM 200 Extra"]
[Source "ChessBase"]
[SourceDate "2021.03.31"]
[SourceVersion "1"]
[SourceVersionDate "2021.03.31"]
[SourceQuality "1"]

1. e4 c5 2. Nf3 e6 3. d4 cxd4 4. Nxd4 Nf6 5. Nc3 Nc6 6. Be3 Bb4 7. Bd3 d5 8. 0-0 Bxc3 9. bxc3 dxe4 10. Bb5 Bd7 11. Rb1 0-0 12. Qe2 Nd5 13. Bd2 f5 14. Bc4 b6 15. Bb3 Kh8 16. Rbd1 Qf6 17. Nxc6 Bxc6 18. c4 Nc3 19. Bxc3 Qxc3 20. Rd6 Rac8 21. Qe3 Qxe3 22. fxe3 Rf6 23. c5 bxc5 24. Bxe6 g6 25. Rfd1 Re8 26. Rxc6 Rfxe6 27. Rxc5 Ra6 28. Rd7 g5 29. Rcc7 Rh6 30. Rxa7 f4 31. h3 fxe3 32. Kf1 g4 33. hxg4 Rc8 34. Ke2 Rxc2+ 35. Kxe3 Rc8 36. Kxe4 Re8+ 37. Kf3 Rc8 38. a4 Rh4 39. a5 Rh6 0-1

[Event "Titled Tuesday intern op 23rd Feb"]
[Site "Chess.com INT"]
[Date "2021.02.23"]
[Round "5"]
[White "Lammens, Tim"]
[Black "Grineva, Marianna"]
[Result "1-0"]
[WhiteElo "2250"]
[BlackElo "1997"]
[PlyCount "87"]
[EventDate "2021.02.23"]
[EventType "swiss (blitz)"]
[EventRounds "11"]
[EventCountry "USA"]
[SourceTitle "CBM 200 Extra"]
[Source "ChessBase"]
[SourceDate "2021.03.31"]
[SourceVersion "1"]
[SourceVersionDate "2021.03.31"]
[SourceQuality "1"]

1. e4 c5 2. Nf3 Nc6 3. Bb5 g5 4. Bxc6 dxc6 5. Nxg5 Nf6 6. e5 Rg8 7. d4 h6 8. Nf3 Ne4 9. Qe2 Bf5 10. Nh4 Bh7 11. dxc5 Qa5+ 12. Nd2 Nxd2 13. Bxd2 Qxc5 14. 0-0 e6 15. Bf4 Qxc2 16. Qh5 Qe4 17. Bg3 Rg5 18. Qd1 Rd8 19. Qb3 b5 20. Rac1 Qd5 21. Qc2 Be7 22. Qxh7 Rxe5 23. Bxe5 Bxh4 24. Bg3 Bg5 25. Rce1 Ke7 26. Qg7 Bf6 27. Qh7 Bxb2 28. Qc2 Bf6 29. Bf4 Qd2 30. Qxd2 Rxd2 31. Bxd2 Bg5 32. Bb4+ Kd7 33. Bc5 Kc7 34. Rd1 Kb7 35. Bd6 Ka6 36. Bg3 Kb6 37. Rd7 a5 38. f3 a4 39. Bf2+ c5 40. Rd6+ Kc7 41. Bxc5 a3 42. Rfd1 Be3+ 43. Bxe3 f5 44. Rxe6 1-0

[Event "Titled Tuesday intern op 16th Feb"]
[Site "Chess.com INT"]
[Date "2021.02.16"]
[Round "5"]
[White "Alboredo, Julia"]
[Black "Lammens, Tim"]
[Result "0-1"]
[WhiteElo "2182"]
[BlackElo "2250"]
[PlyCount "88"]
[EventDate "2021.02.16"]
[EventType "swiss (blitz)"]
[EventRounds "11"]
[EventCountry "USA"]
[SourceTitle "EXT 2022"]
[Source "ChessBase"]
[SourceDate "2021.10.06"]
[SourceVersion "1"]
[SourceVersionDate "2021.10.06"]
[SourceQuality "1"]

1. e4 c5 2. Nf3 e6 3. b3 b6 4. Bb2 Bb7 5. Bd3 Nc6 6. c3 d5 7. 0-0 Nf6 8. e5 Nd7 9. Qe2 g5 10. Bb5 g4 11. Ne1 Qg5 12. d4 h5 13. Ba6 0-0-0 14. Bxb7+ Kxb7 15. f4 Qf5 16. Na3 cxd4 17. cxd4 Nxd4 18. Bxd4 Bxa3 19. Nd3 Qe4 20. Qxe4 dxe4 21. Nf2 Nc5 22. Bc3 e3 23. Nh1 Ne4 24. Be1 e2 25. Rf2 Rd1 26. Rxe2 Bc5+ 27. Kf1 Rxa1 28. Rxe4 Rd8 29. b4 Rd4 30. Rxd4 Bxd4 31. Ke2 Rxa2+ 32. Kd3 Ra1 33. Kxd4 Rxe1 34. Ng3 h4 35. Ne4 Re2 36. g3 Rxh2 37. gxh4 Rxh4 38. Ng5 g3 39. Ke3 g2 40. Nf3 Rh3 41. Kf2 Rxf3+ 42. Kxg2 Rb3 43. b5 Rxb5 44. f5 exf5 0-1

[Event "Titled Tuesday intern op 16th Feb"]
[Site "Chess.com INT"]
[Date "2021.02.16"]
[Round "1"]
[White "Korobov, Anton"]
[Black "Lammens, Tim"]
[Result "1-0"]
[WhiteElo "2683"]
[BlackElo "2250"]
[PlyCount "41"]
[EventDate "2021.02.16"]
[EventType "swiss (blitz)"]
[EventRounds "11"]
[EventCountry "USA"]
[SourceTitle "EXT 2022"]
[Source "ChessBase"]
[SourceDate "2021.10.06"]
[SourceVersion "1"]
[SourceVersionDate "2021.10.06"]
[SourceQuality "1"]

1. e4 c5 2. Nf3 e6 3. c3 d5 4. exd5 Qxd5 5. Na3 Nf6 6. d4 a6 7. Nc4 Nbd7 8. a4 cxd4 9. Nxd4 Bc5 10. Be3 0-0 11. a5 b5 12. axb6 Nxb6 13. Nxb6 Bxb6 14. Be2 Bb7 15. Bf3 Ne4 16. 0-0 f5 17. Nxf5 Qxf5 18. Bxb6 Qb5 19. Be3 Nxc3 20. bxc3 Rxf3 21. Rb1 1-0

[Event "Titled Tuesday intern op 16th Feb"]
[Site "Chess.com INT"]
[Date "2021.02.16"]
[Round "3"]
[White "Lammens, Tim"]
[Black "Gabrielian, Artur"]
[Result "1-0"]
[WhiteElo "2250"]
[BlackElo "2448"]
[PlyCount "33"]
[EventDate "2021.02.16"]
[EventType "swiss (blitz)"]
[EventRounds "11"]
[EventCountry "USA"]
[SourceTitle "EXT 2022"]
[Source "ChessBase"]
[SourceDate "2021.10.06"]
[SourceVersion "1"]
[SourceVersionDate "2021.10.06"]
[SourceQuality "1"]

1. e4 e5 2. Nf3 Nc6 3. Nc3 Nf6 4. d4 exd4 5. Nxd4 Bb4 6. Nxc6 bxc6 7. Bd3 0-0 8. 0-0 Re8 9. Bg5 h6 10. Bh4 d6 11. f4 Rb8 12. Kh1 Bc5 13. e5 dxe5 14. fxe5 Rxe5 15. Bh7+ Kxh7 16. Qxd8 Ng4 17. Qxc7 1-0

[Event "Titled Tuesday intern op 18th Aug"]
[Site "Chess.com INT"]
[Date "2020.08.18"]
[Round "2"]
[White "Lammens, Tim"]
[Black "Ardila, Oscar Humberto"]
[Result "1-0"]
[WhiteElo "2250"]
[BlackElo "2017"]
[PlyCount "130"]
[EventDate "2020.08.18"]
[EventType "swiss (blitz)"]
[EventRounds "10"]
[EventCountry "USA"]
[SourceTitle "CBM 197 Extra"]
[Source "ChessBase"]
[SourceDate "2020.09.30"]
[SourceVersion "1"]
[SourceVersionDate "2020.09.30"]
[SourceQuality "1"]

1. e4 e5 2. Nf3 Nf6 3. Nc3 Nc6 4. d4 exd4 5. Nxd4 Bb4 6. Nxc6 bxc6 7. Bd3 d5 8. exd5 cxd5 9. 0-0 0-0 10. h3 h6 11. Qf3 c6 12. Bf4 Be6 13. Ne2 Bd6 14. Rad1 Re8 15. Nd4 c5 16. Bxd6 Qxd6 17. Nf5 Bxf5 18. Qxf5 Re5 19. Qf3 Rae8 20. c3 Qe7 21. Qf4 Ne4 22. Bb5 Rb8 23. Rxd5 Rxd5 24. Qxb8+ Rd8 25. Qf4 g5 26. Qf5 Rd2 27. Re1 Qb7 28. Rxe4 Qxb5 29. Re7 Rd1+ 30. Kh2 Qb8+ 31. g3 Qf8 32. Qe5 Kh7 33. Qf6 Kg8 34. Qe5 Kh7 35. Re8 Qg7 36. Qe4+ Qg6 37. Qxg6+ Kxg6 38. Re7 Rd2 39. Kg2 Rxb2 40. Rxa7 f5 41. Ra6+ Kh5 42. Ra5 f4 43. gxf4 gxf4 44. Rxc5+ Kh4 45. Kf3 Rxa2 46. c4 Rc2 47. Rc6 h5 48. c5 Kxh3 49. Kxf4 Rxf2+ 50. Kg5 Rc2 51. Kxh5 Kg3 52. Kg6 Kf4 53. Kf6 Ke4 54. Ke6 Kd4 55. Kd6 Kc4 56. Rc8 Kb5 57. Rb8+ Ka6 58. c6 Ka7 59. Rb3 Rd2+ 60. Kc7 Ka6 61. Kc8 Rd6 62. c7 Rd1 63. Kb8 Rd8+ 64. c8Q+ Rxc8+ 65. Kxc8 Ka5 1-0

[Event "Titled Tuesday intern op 18th Aug"]
[Site "Chess.com INT"]
[Date "2020.08.18"]
[Round "4"]
[White "Lammens, Tim"]
[Black "Postny, Evgeny"]
[Result "0-1"]
[WhiteElo "2250"]
[BlackElo "2600"]
[PlyCount "88"]
[EventDate "2020.08.18"]
[EventType "swiss (blitz)"]
[EventRounds "10"]
[EventCountry "USA"]
[SourceTitle "CBM 197 Extra"]
[Source "ChessBase"]
[SourceDate "2020.09.30"]
[SourceVersion "1"]
[SourceVersionDate "2020.09.30"]
[SourceQuality "1"]

1. e4 c5 2. Nf3 Nc6 3. Bb5 g6 4. Bxc6 dxc6 5. d3 Bg4 6. Nbd2 Bg7 7. h3 Bxf3 8. Nxf3 Nf6 9. 0-0 0-0 10. Be3 b6 11. a4 a5 12. Rb1 Nd7 13. b3 e5 14. Nd2 f5 15. exf5 gxf5 16. f4 Qe7 17. fxe5 Bxe5 18. Qf3 Kh8 19. Bh6 Rg8 20. Qxf5 Bd4+ 21. Kh1 Qe2 22. Qe4 Rae8 23. Qf3 Qe6 24. Qf4 Qg6 25. g4 Be3 26. Qxe3 Rxe3 27. Bxe3 Nf6 28. Rf5 Nxg4 29. Rg5 Qe6 30. Rxg8+ Kxg8 31. hxg4 Qxe3 32. Ne4 Qf3+ 33. Kg1 Qxg4+ 34. Kf2 Qf4+ 35. Ke2 Qh2+ 36. Ke3 Qxc2 37. Rg1+ Kf7 38. Nd6+ Ke6 39. Ne4 Qxb3 40. Rh1 Qxa4 41. Rh6+ Kf7 42. Rxh7+ Kg6 43. Rh2 Qd4+ 44. Ke2 Qb2+ 0-1

[Event "Titled Tuesday intern op 18th Aug"]
[Site "Chess.com INT"]
[Date "2020.08.18"]
[Round "9"]
[White "Lammens, Tim"]
[Black "Salinas Herrera, Pablo Patricio"]
[Result "0-1"]
[WhiteElo "2250"]
[BlackElo "2514"]
[PlyCount "76"]
[EventDate "2020.08.18"]
[EventType "swiss (blitz)"]
[EventRounds "10"]
[EventCountry "USA"]
[SourceTitle "CBM 197 Extra"]
[Source "ChessBase"]
[SourceDate "2020.09.30"]
[SourceVersion "1"]
[SourceVersionDate "2020.09.30"]
[SourceQuality "1"]

1. e4 c5 2. Nf3 d6 3. d4 cxd4 4. Nxd4 Nf6 5. Nc3 a6 6. Be3 e6 7. a3 b5 8. g4 Bb7 9. Bg2 h6 10. h4 h5 11. g5 Ng4 12. g6 Qd7 13. Bh3 fxg6 14. Bxg4 hxg4 15. Qxg4 e5 16. Qxg6+ Qf7 17. Qxf7+ Kxf7 18. Nf3 Nd7 19. Ng5+ Ke8 20. 0-0-0 Nf6 21. f3 Rc8 22. Ne6 Ke7 23. Nxf8 Rcxf8 24. Rhg1 Rf7 25. Bg5 Ke6 26. Rd2 Ne8 27. Rf1 Rhf8 28. Rdf2 Nf6 29. Be3 Nh5 30. Kd2 Bc6 31. Bg5 a5 32. b4 axb4 33. axb4 Ng3 34. Rg1 Rxf3 35. Rxf3 Rxf3 36. Be3 Nf1+ 37. Ke2 Rxe3+ 38. Kxf1 Rxc3 0-1

[Event "Titled Tuesday intern op 18th Aug"]
[Site "Chess.com INT"]
[Date "2020.08.18"]
[Round "3"]
[White "Lobanov, Sergei"]
[Black "Lammens, Tim"]
[Result "1/2-1/2"]
[WhiteElo "2516"]
[BlackElo "2250"]
[PlyCount "115"]
[EventDate "2020.08.18"]
[EventType "swiss (blitz)"]
[EventRounds "10"]
[EventCountry "USA"]
[SourceTitle "CBM 197 Extra"]
[Source "ChessBase"]
[SourceDate "2020.09.30"]
[SourceVersion "1"]
[SourceVersionDate "2020.09.30"]
[SourceQuality "1"]

1. e4 c5 2. Nf3 e6 3. d4 cxd4 4. Nxd4 Nf6 5. Nc3 Nc6 6. Nxc6 bxc6 7. e5 Nd5 8. Ne4 Qc7 9. f4 Qb6 10. c4 Bb4+ 11. Ke2 f5 12. exf6 Nxf6 13. Be3 Qd8 14. Nd6+ Bxd6 15. Qxd6 Bb7 16. Rd1 Rc8 17. g4 c5 18. Rg1 Qc7 19. Qxc7 Rxc7 20. g5 Ne4 21. Bh3 Ke7 22. f5 exf5 23. Bxf5 g6 24. Bg4 Rf8 25. Rgf1 Rxf1 26. Rxf1 Ba6 27. Kd3 d5 28. b3 Nd6 29. Rf6 dxc4+ 30. Kc2 cxb3+ 31. axb3 c4 32. Bf4 cxb3+ 33. Kxb3 Bc4+ 34. Ka3 Rc6 35. Kb4 Rb6+ 36. Ka3 Rb3+ 37. Ka4 Ne4 38. Ka5 Nxf6 39. gxf6+ Kxf6 40. Bd6 Rb1 41. h3 Bd3 42. Bc5 Bf5 43. Bf3 Ra1+ 44. Kb4 Bxh3 45. Bd4+ Kf5 46. Bxa1 Kf4 47. Bb7 g5 48. Kc4 g4 49. Kd3 g3 50. Bd4 g2 51. Bxa7 h5 52. Bg1 Kg3 53. Ke2 Bg4+ 54. Ke3 h4 55. Bc6 h3 56. Bb7 h2 57. Bxh2+ Kxh2 58. Bxg2 1/2-1/2

[Event "Titled Tuesday intern op 21st July"]
[Site "Chess.com INT"]
[Date "2020.07.21"]
[Round "4"]
[White "Lammens, Tim"]
[Black "Mazi, Leon"]
[Result "1-0"]
[WhiteElo "2250"]
[BlackElo "2360"]
[PlyCount "71"]
[EventDate "2020.07.21"]
[EventType "swiss (blitz)"]
[EventRounds "10"]
[EventCountry "USA"]
[SourceTitle "CBM 197 Extra"]
[Source "ChessBase"]
[SourceDate "2020.09.30"]
[SourceVersion "1"]
[SourceVersionDate "2020.09.30"]
[SourceQuality "1"]

1. e4 c5 2. Nf3 d6 3. Bb5+ Nc6 4. 0-0 e6 5. c3 Bd7 6. d4 cxd4 7. cxd4 a6 8. Ba4 Nf6 9. d5 exd5 10. exd5 Ne7 11. Re1 Bxa4 12. Qxa4+ Qd7 13. Qd4 Qg4 14. Qb6 Qd7 15. Nc3 g6 16. Bf4 Rd8 17. Re2 Nh5 18. Bg5 f6 19. Bd2 Kf7 20. Nd4 Nc8 21. Qb3 Be7 22. Rae1 Rde8 23. Ne6 Ng7 24. Ne4 Nf5 25. Bc3 h5 26. Qd1 Nb6 27. Qd3 Rc8 28. h3 h4 29. g4 hxg3 30. fxg3 Rhe8 31. Rf1 Nc4 32. g4 Nh4 33. Nxf6 Bxf6 34. Rxf6+ Kg8 35. Rxg6+ Nxg6 36. Qxg6+ 1-0

[Event "Titled Tuesday intern op 21st July"]
[Site "Chess.com INT"]
[Date "2020.07.21"]
[Round "3"]
[White "Livaic, Leon"]
[Black "Lammens, Tim"]
[Result "1-0"]
[WhiteElo "2507"]
[BlackElo "2250"]
[PlyCount "45"]
[EventDate "2020.07.21"]
[EventType "swiss (blitz)"]
[EventRounds "10"]
[EventCountry "USA"]
[SourceTitle "CBM 197 Extra"]
[Source "ChessBase"]
[SourceDate "2020.09.30"]
[SourceVersion "1"]
[SourceVersionDate "2020.09.30"]
[SourceQuality "1"]

1. e4 c6 2. Nc3 d5 3. Nf3 dxe4 4. Nxe4 Nf6 5. Qe2 Bg4 6. Nxf6+ gxf6 7. g3 c5 8. Bg2 Nc6 9. c3 Ne5 10. d4 cxd4 11. cxd4 Bxf3 12. Bxf3 Qxd4 13. 0-0 Qb6 14. Be3 Nxf3+ 15. Qxf3 Qc6 16. Qh5 Bg7 17. Rac1 Qe4 18. Qb5+ Kf8 19. Rc4 Qf3 20. Rfc1 Kg8 21. Rc8+ Rxc8 22. Rxc8+ Bf8 23. Bh6 1-0